Etica y libertad /

Ontología y dialéctica son vías presentes en la fundamentación de una ética contemporánea que considera a la libertad como un elemento esencial del hombre y por ende de la misma ética. La autora despliega sus planteamientos a través del pensamiento filosófico de Heráclito, Sócrates, Platón, Spinoza,...

Celý popis

Uloženo v:
Podrobná bibliografie
Hlavní autor: González Valenzuela, Juliana (autor)
Médium: Kniha
Jazyk:španělština
Vydáno: México : UNAM, Facultad de Filosofía y Letras : Fondo de Cultura Económica, 1997, c1997
Vydání:2a edición
Edice:(Sección de Obras de Filosofía)
Témata:
Tagy: Přidat tag
Žádné tagy, Buďte první, kdo vytvoří štítek k tomuto záznamu!

MARC

LEADER 00000nam^a2200000^a^4500
001 000140680
005 20250521000000.0
009 20260310095547.296
020 |a 968-16-5407-2 
037 |a Acervo ITESO - Biblioteca 
041 |a ESP 
082 |a 170.  |b GON 
100 |a González Valenzuela, Juliana  |e (autor) 
245 1 0 |a Etica y libertad /  |c J. González Valenzuela. 
250 |a 2a edición 
264 4 |a México :  |b UNAM, Facultad de Filosofía y Letras :  |b Fondo de Cultura Económica,  |c 1997, c1997 
300 |a 345 p. 
336 |a texto  |b txt  |2 rdacontenido 
337 |a sin mediación  |b n  |2 rdamedio 
338 |a volumen  |b nc  |2 rdasoporte 
440 1 |a (Sección de Obras de Filosofía) 
520 |a Ontología y dialéctica son vías presentes en la fundamentación de una ética contemporánea que considera a la libertad como un elemento esencial del hombre y por ende de la misma ética. La autora despliega sus planteamientos a través del pensamiento filosófico de Heráclito, Sócrates, Platón, Spinoza, Hegel, Marx, Nietzsche, Heidegger, Sartre; y literario de Dostoievski y Kafka. 
649 |a XX 
650 |a Libertad -  |x Tema Principal 
650 |a Ontología 
650 |a Dialéctica 
650 |a Etica -  |x Tema Principal 
650 |a Literatura y Etica 
650 |a Filosofía 
650 |a Heráclito de Efeso 
650 |a Sócrates 
650 |a Platón 
650 |a Spinoza, Baruch de 
650 |a Marx, Karl 
650 |a Heidegger, Martin 
650 |a Sartre, Jean-Paul 
650 |a Dostoievski, Fedor 
650 |a Kafka, Franz 
600 |a Hegel, Friedrich 
910 |a Fondo General 
920 |a Impresos - Libros 
930 |a Colección General 
905 |a 101 
901 |a 0500069545  |b IT1  |c ACC  |u 20250521 
902 |a https://opac.biblio.iteso.mx/vufind/Record/000140680